|
|
|
|
| LEADER |
00000cam a22000004a 4500 |
| 001 |
musev2_9657 |
| 003 |
MdBmJHUP |
| 005 |
20230905041113.0 |
| 006 |
m o d |
| 007 |
cr||||||||nn|n |
| 008 |
990428s2000 pau o 00 0 eng d |
| 010 |
|
|
|z 99023808
|
| 020 |
|
|
|a 9781439906101
|
| 020 |
|
|
|z 9781566397421
|
| 020 |
|
|
|z 9781566397438
|
| 035 |
|
|
|a (OCoLC)47010348
|
| 040 |
|
|
|a MdBmJHUP
|c MdBmJHUP
|
| 043 |
|
|
|a n-us---
|
| 050 |
0 |
4 |
|a E184.M5
|b P67 2000
|
| 082 |
0 |
|
|a 305.86872073
|2 21
|
| 100 |
1 |
|
|a Portales, Marco,
|d 1948-
|
| 245 |
1 |
0 |
|a Crowding Out Latinos /
|c Marco Portales.
|
| 264 |
|
1 |
|a Philadelphia :
|b Temple University Press,
|c 2000.
|
| 264 |
|
3 |
|a Baltimore, Md. :
|b Project MUSE,
|c 2012
|
| 264 |
|
4 |
|c ©2000.
|
| 300 |
|
|
|a 1 online resource (257 pages):
|b ill. ;
|
| 336 |
|
|
|a text
|b txt
|2 rdacontent
|
| 337 |
|
|
|a computer
|b c
|2 rdamedia
|
| 338 |
|
|
|a online resource
|b cr
|2 rdacarrier
|
| 504 |
|
|
|a Includes bibliographical references (p. 187-195) and index.
|
| 588 |
|
|
|a Description based on print version record.
|
| 650 |
|
0 |
|a Hispanic Americans and mass media.
|
| 650 |
|
0 |
|a Hispanic Americans
|x Education.
|
| 650 |
|
0 |
|a Hispanic Americans
|x Public opinion.
|
| 650 |
|
0 |
|a Mexican Americans and mass media.
|
| 650 |
|
0 |
|a Mexican Americans
|x Education.
|
| 650 |
|
0 |
|a Mexican Americans
|x Public opinion.
|
| 655 |
|
7 |
|a Electronic books.
|2 local
|
| 710 |
2 |
|
|a Project Muse.
|e distributor
|
| 830 |
|
0 |
|a Book collections on Project MUSE.
|
| 856 |
4 |
0 |
|z Texto completo
|u https://projectmuse.uam.elogim.com/book/9657/
|
| 945 |
|
|
|a Project MUSE - Custom Collection
|
| 945 |
|
|
|a Project MUSE - Archive Complete Foundation
|
| 945 |
|
|
|a Project MUSE - Archive Global Cultural Studies Foundation
|